| 000 | 00674nam a2200217Ia 4500 | ||
|---|---|---|---|
| 003 | GCL | ||
| 008 | 140319s9999 xx 000 0 ara d | ||
| 040 |
_aGCL / _cGCL |
||
| 082 | 0 | 4 |
_a701.18 _bم ر |
| 100 | 1 | _aمختار العطار | |
| 245 | 1 | 0 |
_aرواد الفن وطليعة التنوير فى مصر: الجزء الثانى / _cمختار العطار |
| 300 | _a480 ص | ||
| 490 |
_aالهيئة العامة للاستعلامات _v0 |
||
| 650 | 0 | 4 | _aالفنون الجميلة |
| 650 | 0 | 4 | _aالفنانون المصريون |
| 650 | 0 | 4 | _aالنحت |
| 650 | 0 | 4 | _aالرسم |
| 650 | 0 | 4 | _aالزخرفة |
| 650 | 0 | 4 | _aالتصوير |
| 942 |
_2ddc _cBK |
||
| 999 |
_c50125 _d50125 |
||